02275aam a2200397 i 4500001001000000003001000010005001700020007000300037008004100040020001800081040004700099041001300146082002200159100002700181240006600208245016000274250001800434264005500452264001100507300002700518336002700545337003300572338002800605490003600633504002100669505086800690563001501558653001401573653004101587700004601628700004101674942000701715945001201722952012601734999001701860768714001CO-MdFUSB20240115145045.0ta231031t20072007spa||||g |||| 00| 0 spa d a9788484524892 aCO-MdFUSBbspacCO-MdFUSBdCO-MdFUSBCerda aspaheng 223a967.571bM531 aMelvern, Linda,eautor aA people betrayed. The role of the west in Rwanda´s genocide13aUn pueblo traicionadob : el papel de occidente en el genocidio de Ruandac/ Linda Melvern ; prologo Santiago Roncagliolo ; traducido por Amaya Sagarminaga a1° edición 1aBarcelona, España : bOxfam, Intermón,c[2007] 4c©2007 a334 páginasc; 22 cm 2rdacontentatextobtxt 2rdamediaasin mediaciónbn 2rdacarrieravolumenbnc aColección libros de encuentro aincluye índice aGenocidio, abril de 19942 -- El pasado es prólogo: Ruanda 1894-19733 -- La participación de Francia, Egipto y Uganda -- Akazu: la oligarquía que gobierna Ruanda -- ¿Paz en Ruanda? Los Acuerdos de Arusha -- Preparando el genocidio -- La radio del odio: Radio Televisión des Miles Colines -- El nuevo orden mundial y las grandes esperanzas de éxito de las Naciones Unidas -- Fuerzas de paz: Llega la ONU -- Personal de mantenimiento de la paz en problemas: octubre de 1993 a abril de 1994 -- Consejo de Seguridad de la ONU, 5 de abril de 1994 -- Cuatro días en Kigali: del 6 al 9 de abril de 1994 -- La verdad del genocidio y un guardaespaldas de mentiras -- Las sesiones secretas del Consejo de Seguridad -- El genocidio se extiende -- El mundo cierra la puerta -- Por el valor -- Julio de 1994: A partir de Zero -- La Convención sobre el Genocidio. aRústico. aGenocidio aRuanda -- Guerra Civíl -- Historia 98909aRoncagliolo, Santiago,eprologuista 98910aSagarminaga, Amaya,etraductor cBK asor1564 00102ddc40708GENaFUSBCbFUSBCd2023-10-31l0oG 967.571 M531pp22360r2023-10-31 00:00:00tEj. 1w2023-10-31yBKk22 c69235d69235